000 00631cam a22002172 4500
001 0000009518
005 20151217152056.0
008 081103s xx 000 0 eng d
020 _a141291423x :
_cKES 3320
040 _aKABU
_cKABU
100 1 _aFink, Arlene.
_@0000137567
245 1 0 _aHow to conduct surveys :
_ba step-by-step guide /
_cArlene Fink.
250 _a3rd ed.
260 _aLondon :
_bSAGE,
_c2006.
300 _aviii, 109 p.
650 0 _aSocial surveys.
_@0000152836
650 0 _aEducational surveys.
_@0000161075
908 _a081103
950 _@1
999 _c7945
_d7945